| 000 | 00513nam a2200145 4500 | ||
|---|---|---|---|
| 999 |
_c7599 _d7599 |
||
| 008 | 171007b xxu||||| |||| 00| 0 eng d | ||
| 022 | _a01181831 | ||
| 082 | _aDPer 613.05 H34 Jul-Nov 2013 | ||
| 100 |
_922961 _aRoco, Denise. |
||
| 245 |
_aLooking fab when you're 64: _bwhy the art of age-appropriate dressing never goes out of fashion/ _cDenise Roco. |
||
| 260 |
_aPhilippines: _bMIMS Pte Ltd KDN, _c©2013. |
||
| 300 |
_apages 70-72: _billustrations; _c28 cm. |
||
| 650 | 0 |
_922963 _aFashion. |
|
| 942 |
_2ddc _cPER |
||